Govt. of
Madhya Pradesh

कश्‍मीर : इतिहास और परम्‍परा (Record no. 66054)

MARC details
000 -LEADER
fixed length control field 00395nam a22001097a 4500
082 ## - DEWEY DECIMAL CLASSIFICATION NUMBER
Classification number 900
100 ## - MAIN ENTRY--AUTHOR NAME
Personal name निर्मलेन्‍दु,कुमार
245 ## - TITLE STATEMENT
Title कश्‍मीर : इतिहास और परम्‍परा
260 ## - PUBLICATION, DISTRIBUTION, ETC. (IMPRINT)
Place of publication प्रयागराज
Name of publisher लोकभारती प्रकाशन
Year of publication 2022
650 ## - SUBJECT ADDED ENTRY--TOPICAL TERM
Topical Term इतिहास
942 ## - ADDED ENTRY ELEMENTS (KOHA)
Koha item type Hindi Books
Holdings
Withdrawn status Lost status Damaged status Not for loan Home library Current library Date acquired Cost, normal purchase price Full call number Accession Number Price effective from Koha item type
        MACL MACL 28/03/2023 795.00 900 DPI003213 28/03/2023 Hindi Books